[Event "RSFSR-ch"]
[Site "Voronezh"]
[Date "1988.??.??"]
[Round "?"]
[White "Meister, Yakov"]
[Black "Antoshin, Vladimir S"]
[Result "1-0"]
[WhiteElo "2385"]
[BlackElo "2305"]

1.d4 d5 2.c4 c6 3.Nf3 Nf6 4.Nc3 e6 5.e3 Nbd7 6.Bd3 Bd6 7.O-O O-O 8.e4 dxe4
9.Nxe4 Nxe4 10.Bxe4 h6 11.Bc2 e5 12.Qd3 f5 13.c5 Bc7 14.Qb3+ Kh8 15.dxe5 Nxe5
16.Bf4 Nxf3+ 17.Qxf3 Bxf4 18.Qxf4 Qf6 19.Rfe1 Be6 20.Re5 Rae8 21.Rae1 Qf7
22.h3 Bd7 23.Rxe8 Rxe8 24.Rxe8+ Qxe8 25.Bxf5 Bxf5 26.Qxf5 Qe1+ 27.Kh2 Qd2
28.b3 Qxa2 29.Qc8+ Kh7 30.Qxb7 Qxf2 31.Qxc6 Qf4+ 32.Kg1 Qc1+ 33.Kf2 Qc2+
34.Kg3 Qxb3+ 35.Kf4 Qf7+ 36.Ke5 Qh5+ 37.Kd6 Qg6+ 38.Kc7 Qc2 39.Qb5 Qf5 40.Qc4 Qb1
41.c6 a5 42.Kd6 Qg6+ 43.Kc5 Qxg2 44.c7 Qf2+ 45.Kb5 Qf5+ 46.Kb6 Qf6+ 47.Qc6 Qd4+
48.Kb7  1-0

[Event "Vrnjacka Banja"]
[Site "Vrnjacka Banja"]
[Date "1988.??.??"]
[Round "?"]
[White "Pavlovic, Milos"]
[Black "Paunovic, Dragan"]
[Result "1/2-1/2"]
[WhiteElo "2460"]
[BlackElo "2400"]

1.d4 d5 2.c4 c6 3.Nc3 Nf6 4.e3 e6 5.Nf3 Nbd7 6.Bd3 Be7 7.O-O O-O 8.e4 dxe4
9.Nxe4 b6 10.Qe2 Bb7 11.b3 c5 12.Bb2  1/2-1/2

[Event "Vrnjacka Banja"]
[Site "Vrnjacka Banja"]
[Date "1988.??.??"]
[Round "?"]
[White "Maksimovic, Branimir"]
[Black "Lukacs, Peter"]
[Result "0-1"]
[WhiteElo "2400"]
[BlackElo "2490"]

1.d4 d5 2.c4 e6 3.Nc3 c6 4.Nf3 Nf6 5.e3 Nbd7 6.Bd3 dxc4 7.Bxc4 b5 8.Bd3 Bb7
9.O-O a6 10.e4 c5 11.d5 c4 12.Bc2 Qc7 13.Qe2 Bd6 14.Ng5 h6 15.Nxf7 Kxf7 16.dxe6+ Kxe6
17.e5 Nxe5 18.f4 Kf7 19.fxe5 Qc5+ 20.Qe3 Rhe8 21.Ne4 Bxe4 22.Bxe4 Rxe5 23.Bxa8 Rxe3
24.Bxe3 Qxe3+ 25.Kh1 Qe5 26.g3 Qxb2 27.Rad1 Qe5  0-1

[Event "Wiesbaden op"]
[Site "Wiesbaden"]
[Date "1988.??.??"]
[Round "8"]
[White "Kallai, Gabor"]
[Black "Simon, Ralf Axel"]
[Result "1-0"]
[WhiteElo "2450"]
[BlackElo "2280"]

1.d4 d5 2.c4 e6 3.Nf3 Nf6 4.Nc3 c6 5.e3 Nbd7 6.Bd3 dxc4 7.Bxc4 b5 8.Bd3 Bb7
9.O-O a6 10.Qe2 c5 11.Rd1 Qb6 12.Ne5 Rd8 13.b3 cxd4 14.exd4 Bb4 15.Bb2 Bxc3
16.Bxc3 Nd5 17.Qe1 Nxc3 18.Qxc3 O-O 19.Rac1 Nxe5 20.dxe5 Rc8 21.Qb4 Rfd8
22.Rxc8 Rxc8 23.a4 Qc6 24.f3 Qb6+ 25.Kf1 g6 26.axb5 Bc6 27.Rc1 Qe3 28.Rc3 axb5
29.Bxg6 Qd2 30.Bc2  1-0

[Event "Yerevan"]
[Site "Yerevan"]
[Date "1988.??.??"]
[Round "?"]
[White "Olafsson, Helgi"]
[Black "Negulescu, Adrian"]
[Result "1/2-1/2"]
[WhiteElo "2510"]
[BlackElo "2430"]

1.d4 Nf6 2.c4 e6 3.Nf3 d5 4.Nc3 c6 5.e3 Nbd7 6.Bd3 Bd6 7.e4 dxe4 8.Nxe4 Nxe4
9.Bxe4 h6 10.O-O O-O 11.Bc2 e5 12.Re1 exd4 13.Qxd4 Bc5 14.Qf4 Nf6 15.h3 Bb4
16.Rd1 Qa5 17.a3 Be7 18.Bd2 Qh5 19.Re1 Re8 20.Bc3 Be6 21.Re5 Bd6 22.Qxf6 Bxe5
23.Qxe5 Qxe5 24.Nxe5 f6 25.Ng4 Bxc4 26.Ne3 Bf7 27.g4 c5 28.a4 b6 29.h4 Rad8
30.Kh2 a6 31.Rg1 b5 32.axb5 axb5 33.b4 cxb4 34.Bxb4 Rd4 35.Rb1 h5 36.Bc3 Rdd8
37.Be1 hxg4 38.Rxb5 Rb8 39.Rxb8 Rxb8 40.Nxg4 Rb2 41.Ne3 Ra2 42.Kg3 Ra1 43.Bc3 Rg1+
44.Kh2 Rc1 45.Bb2 Re1 46.Bd1 Bd5 47.Bd4 Rh1+ 48.Kg3 Be6 49.h5 Rh3+ 50.Kg2 Rh4
51.Bc3 Kh8 52.Be2 Kg8 53.Kg1 Bf7 54.Nf5 Re4 55.Ng3 Rh4 56.Bd2 Bd5 57.f4 Kh8
58.Kf2 Be6 59.Ke3 Bg4 60.Bxg4 Rxg4 61.Kf3 Rh4 62.Be3 Kg8  1/2-1/2

[Event "Zalakaros op"]
[Site "Zalakaros"]
[Date "1988.??.??"]
[Round "6"]
[White "Farago, Ivan"]
[Black "Halasz, Tamas"]
[Result "1/2-1/2"]
[WhiteElo "2475"]
[BlackElo "2400"]

1.d4 d5 2.c4 e6 3.Nc3 c6 4.e3 Nf6 5.Nf3 Nbd7 6.Bd3 dxc4 7.Bxc4 b5 8.Bd3 Bb7
9.O-O a6 10.e4 c5 11.d5 c4 12.dxe6 cxd3 13.exd7+ Qxd7 14.Bg5 Be7 15.e5 Ne4
16.Bxe7 Kxe7 17.e6 Nxc3 18.exd7 Nxd1 19.Raxd1 Bxf3 20.Rfe1+ Kxd7 21.Rxd3+ Bd5
22.Rxd5+ Kc6 23.Red1 Rhc8 24.Rf5 f6 25.g4 Rd8 26.Rc1+ Kb6 27.g5 Rd6 28.gxf6 Rxf6
29.Rxf6+ gxf6 30.Rc3 Rd8 31.Rf3 Rd2 32.Rxf6+ Kb7 33.Rf7+ Kc6 34.Rf6+ Kb7
35.Rf7+ Kc6  1/2-1/2

[Event "American op"]
[Site "?"]
[Date "1989.??.??"]
[Round "8"]
[White "Shtern, Igor"]
[Black "Donaldson, John W"]
[Result "1/2-1/2"]
[WhiteElo "2280"]
[BlackElo "2395"]

1.d4 Nf6 2.Nf3 e6 3.c4 d5 4.Nc3 c6 5.e3 Nbd7 6.Qc2 Bd6 7.b3 O-O 8.Be2 e5
9.cxd5 Nxd5 10.Nxd5 cxd5 11.dxe5 Nxe5 12.Bb2 Nxf3+ 13.Bxf3 Bb4+ 14.Kf1 Be6
15.Qd3 Be7 16.Ke2 Bf6 17.Bd4 Bxd4 18.Qxd4 Qa5 19.Qa4 Qxa4 20.bxa4 Rac8 21.Rhc1 b6
22.a5 bxa5 23.Kd2 Rfd8 24.Rxc8 Rxc8 25.Rb1 Bf5 26.Rb5 g6 27.Bd1 Rd8 28.f3 d4
29.e4 Be6 30.Rxa5 Rb8 31.Rxa7 Rb2+ 32.Bc2 Rxa2 33.Rxa2 Bxa2 34.Kd3 Kf8 35.h4 Ke7
36.Kxd4 f6 37.Bd3 Be6 38.Bc4 Bd7 39.f4 h6 40.e5 g5 41.hxg5 hxg5 42.fxg5 fxg5
43.Ke4 Bc8 44.Bd5 Bd7 45.g3 Bc8 46.Bg8 Bd7 47.e6 Bxe6 48.Bxe6 Kxe6 49.g4 Kf6
50.Kd5 Kf7 51.Ke5 Ke7 52.Kf5 Kf7 53.Kxg5 Kg7 54.Kf5 Kf7 55.g5 Kg7  1/2-1/2

[Event "OHRA-A"]
[Site "Amsterdam"]
[Date "1989.??.??"]
[Round "?"]
[White "Kortschnoj, Viktor"]
[Black "Van der Wiel, John TH"]
[Result "1-0"]
[WhiteElo "2655"]
[BlackElo "2545"]

1.d4 d5 2.c4 c6 3.Nc3 Nf6 4.e3 e6 5.Nf3 Nbd7 6.Bd3 dxc4 7.Bxc4 b5 8.Bd3 a6
9.e4 c5 10.d5 c4 11.dxe6 cxd3 12.exf7+ Kxf7 13.e5 Qe7 14.Bf4 Nb6 15.Qb3+ Nc4
16.O-O Nh5 17.Be3 Bb7 18.Nd2 Rc8 19.a4 Qxe5 20.axb5 Bd6 21.g3 Qe6 22.bxa6 Ba8
23.Nxc4 Rxc4 24.Rfe1 Kg6 25.Ra5 Bf4 26.Qd1 Qh3 27.Qxd3+ Kh6 28.Qd6+ g6 29.Rd5 Re8
30.gxf4 Qg4+ 31.Kf1 Qh3+ 32.Ke2 Nxf4+ 33.Kd2 Rxe3 34.Rxe3 Qc8 35.b3 Nxd5
36.bxc4 Nxe3 37.fxe3 Bc6 38.Qf4+ g5 39.Qf6+ Kh5 40.a7 Qd7+ 41.Qd4 Qb7 42.Nb5 Qf7
43.Kc3 Qf1 44.Kb4  1-0

[Event "Aosta op"]
[Site "Aosta"]
[Date "1989.??.??"]
[Round "?"]
[White "Raicevic, Vladimir"]
[Black "Markotic, Gordan"]
[Result "0-1"]
[WhiteElo "2480"]
[BlackElo "2340"]

1.d4 d5 2.c4 c6 3.Nf3 Nf6 4.e3 e6 5.Nc3 Nbd7 6.Qc2 Bd6 7.Bd2 O-O 8.O-O-O b5
9.cxb5 c5 10.e4 Bb7 11.exd5 Nxd5 12.Ne4 Be7 13.Kb1 Rc8 14.dxc5 Nxc5 15.Nxc5 Rxc5
16.Qb3 Qc7 17.Bd3 Nf4 18.Bxf4 Qxf4 19.Rc1 Rfc8 20.Rxc5 Rxc5 21.Qd1 Rd5 22.Ka1 Qd6
23.Ne1 Rxb5 24.Qb1 Rb6 25.Bxh7+ Kh8 26.Bc2 Rxb2 27.Qxb2 Bf6 28.Qxf6 gxf6
29.h4 Qd2 30.Kb1 Qxf2 31.h5 f5 32.h6 Be4  0-1

[Event "Aosta op"]
[Site "Aosta"]
[Date "1989.??.??"]
[Round "?"]
[White "Mascarinas, Rico"]
[Black "Flear, Glenn C"]
[Result "0-1"]
[WhiteElo "2465"]
[BlackElo "2500"]

1.d4 d5 2.c4 e6 3.Nc3 c6 4.Nf3 Nf6 5.e3 Nbd7 6.Qc2 Bd6 7.e4 e5 8.cxd5 cxd5
9.exd5 O-O 10.Be2 exd4 11.Nxd4 Nb6 12.Bg5 h6 13.Bh4 Be7 14.Qb3 Nbxd5 15.Rd1 Qa5
16.O-O Nxc3 17.bxc3 Bd7 18.Qxb7 Rab8 19.Qa6 Qxc3 20.Nb3 Rfd8 21.Bg3 Rb4 22.Rc1 Qb2
23.Rb1 Qc2 24.Rfd1 Qe4 25.Bf3 Ra4 26.Qf1 Qf5 27.Bc7 Re8 28.Ra1 Ba3 29.Re1 Bb5
30.Rxe8+ Nxe8 31.Qd1 Nxc7 32.Nd4 Qf6 33.Nxb5 Nxb5 34.Rb1 Rd4 35.Qc2 a6 36.h3 Rd8  0-1

[Event "Athens Akropolis (Women)"]
[Site "Athens"]
[Date "1989.??.??"]
[Round "?"]
[White "Prudnikova, Svetlana"]
[Black "Misanovic, Vesna"]
[Result "1/2-1/2"]
[WhiteElo "2315"]
[BlackElo "2285"]

1.d4 d5 2.c4 c6 3.Nc3 Nf6 4.e3 e6 5.Nf3 Nbd7 6.Bd3 Bb4 7.a3 Ba5 8.O-O Qe7
9.Bd2 Bc7 10.Qc2 dxc4 11.Bxc4 e5 12.Ba2 O-O 13.Nb5 Bb6 14.Bb4 c5 15.dxc5 Bxc5
16.Bxc5 Nxc5 17.Rfc1 b6 18.b4 Bd7 19.bxc5 Bxb5 20.Qb2 e4 21.Nd4 Bd3 22.c6 Ng4
23.h3 Ne5 24.Bb1 Rac8 25.a4 Rc7 26.Qa3 Qf6 27.Bxd3 exd3 28.a5 Nxc6 29.axb6  1/2-1/2

[Event "AUT-chT"]
[Site "?"]
[Date "1989.??.??"]
[Round "?"]
[White "Zoebisch, Herbert"]
[Black "Lockl, Lothar"]
[Result "1/2-1/2"]
[WhiteElo "2215"]
[BlackElo "2250"]

1.d4 d5 2.c4 e6 3.Nc3 c6 4.e3 Nf6 5.Nf3 Nbd7 6.Bd3 dxc4 7.Bxc4 b5 8.Bd3 a6
9.e4 c5 10.e5 cxd4 11.Nxb5 Nxe5 12.Nxe5 axb5 13.Bxb5+ Bd7 14.Nxd7 Qa5+ 15.Bd2 Qxb5
16.Nxf8 Kxf8 17.a4 Qxb2 18.O-O h5 19.Bf4 Kg8 20.Be5 Rd8 21.Qd3 Ng4 22.Bc7 Rc8
23.Rac1 Qb7 24.Qxd4 Nf6 25.Rc4 Nd5 26.Rfc1 Nxc7 27.Rxc7 Rxc7 28.Qd8+ Kh7
29.Qxc7 Qxc7 30.Rxc7 Ra8 31.Rc4 Kg6 32.Kf1 Kf6 33.Ke2 Ke5 34.Kd3 Kd5 35.Kc3 Ra7
36.h4 g6 37.g3 Ra8 38.Kb3 Ra7 39.f3 Rb7+ 40.Rb4 Ra7  1/2-1/2

[Event "FRG-ch"]
[Site "Bad Neuenahr"]
[Date "1989.??.??"]
[Round "?"]
[White "Michaelsen, Nils"]
[Black "Blauert, Joerg"]
[Result "1/2-1/2"]
[WhiteElo "2360"]
[BlackElo "2275"]

1.d4 Nf6 2.Nf3 e6 3.c4 d5 4.Nc3 c6 5.e3 Nbd7 6.Qc2 Bd6 7.Bd3 O-O 8.O-O e5
9.cxd5 cxd5 10.Nb5 Bb8 11.dxe5 Nxe5 12.Nxe5 Bxe5 13.Bd2 Bd7 14.Bc3 Rc8 15.Nd4 Qc7
16.h3 Rfe8 17.Rac1 Qb6 18.Ne2  1/2-1/2

[Event "FRG-ch"]
[Site "Bad Neuenahr"]
[Date "1989.??.??"]
[Round "?"]
[White "Hort, Vlastimil"]
[Black "Klebel, Martin"]
[Result "1/2-1/2"]
[WhiteElo "2580"]
[BlackElo "2350"]

1.d4 Nf6 2.c4 c6 3.Nc3 d5 4.Nf3 e6 5.e3 Nbd7 6.Be2 Bd6 7.O-O O-O 8.b3 Re8
9.Bb2 Qe7 10.Qc2 dxc4 11.Bxc4 h6 12.Rad1 e5 13.Nh4 Nf8 14.Ne4 Nxe4 15.Qxe4 Bd7
16.Nf5 Bxf5 17.Qxf5 e4 18.f4 Nd7 19.d5 Nb6 20.dxc6 Nxc4 21.bxc4 bxc6 22.Bd4 Rad8
23.g4 Qh4 24.Qh5 Qxh5 25.gxh5 Rd7 26.Kf2 Red8 27.Ke2 Bb4 28.c5 Rd5 29.f5 f6
30.Rc1 Rb8 31.Rb1 Rb5 32.a4 Rb7 33.Rf4 a5 34.Rxe4 Rxf5 35.Re8+ Kf7 36.Rc8 Rxh5
37.Rxc6 Rxh2+ 38.Kd3 Rd2+ 39.Kc4 Ke7 40.Rg1 Kd7 41.Ra6 Ke8 42.Ra8+ Kf7 43.Rc8 Ke6
44.c6 Re7 45.Rc1 Ba3 46.Rb1 Bb4 47.Rc1 Ba3 48.Rb1 Bb4 49.Rc1  1/2-1/2

[Event "Bad Woerishofen op"]
[Site "Bad Woerishofen"]
[Date "1989.??.??"]
[Round "?"]
[White "Lalic, Bogdan"]
[Black "Gabriel, Christian"]
[Result "1/2-1/2"]
[WhiteElo "2525"]
[BlackElo "2275"]

1.c4 e6 2.Nc3 d5 3.d4 c6 4.e3 Nf6 5.Nf3 Nbd7 6.Qc2 dxc4 7.Bxc4 Bd6 8.O-O O-O
9.h3 Qe7 10.Bb3 e5 11.Bd2 a6 12.a4 b6 13.Rfe1 Bb7 14.e4 Rac8 15.Rac1 b5 16.dxe5 Nxe5
17.Nd4 Bc5 18.Nf5 Qc7 19.Bg5 Nh5 20.Qe2 g6 21.Nh6+ Kg7 22.Nf5+  1/2-1/2

[Event "Bayamo"]
[Site "Bayamo"]
[Date "1989.??.??"]
[Round "7"]
[White "Vilela, Jose Luis"]
[Black "Vera, Reynaldo"]
[Result "1-0"]
[WhiteElo "2405"]
[BlackElo "2470"]

1.c4 c6 2.d4 d5 3.Nf3 Nf6 4.Nc3 e6 5.e3 Nbd7 6.Qc2 Bd6 7.Be2 O-O 8.Bd2 a6
9.e4 dxe4 10.Nxe4 Nxe4 11.Qxe4 e5 12.dxe5 Re8 13.O-O-O Nxe5 14.Bc3 Bg4 15.Nxe5 Bxe2
16.Rd2 Bh5 17.c5 Bg6 18.Qe3 f6 19.cxd6 fxe5 20.d7 Re7 21.Rhd1 Bf5 22.Bxe5 Rxd7
23.Rxd7 Bxd7 24.Qb3+  1-0

[Event "GMA-qual"]
[Site "Belgorod"]
[Date "1989.??.??"]
[Round "?"]
[White "Kanstler, Boris"]
[Black "Shahtahtinsky, Alekper"]
[Result "0-1"]
[WhiteElo "2430"]
[BlackElo "2300"]

1.d4 d5 2.c4 c6 3.Nf3 Nf6 4.Nc3 e6 5.e3 Nbd7 6.Qc2 Bd6 7.Be2 O-O 8.O-O e5
9.Rd1 e4 10.Nd2 Re8 11.Nf1 Nf8 12.cxd5 cxd5 13.Bd2 Bg4 14.Bxg4 Nxg4 15.Be1 Re6
16.Nxd5 Nxh2 17.Nxh2 Bxh2+ 18.Kxh2 Qxd5 19.Qc5 Qd8 20.Qf5 Ng6 21.g3 Ne7 22.Qg5 Qd7
23.Kg1 Rh6 24.Qe5 Qg4 25.Qf4 Qe6 26.Qe5 Qg4 27.Qf4 Qe6 28.Qe5 Qg6 29.Kf1 Qg4  0-1

[Event "Belgrade op"]
[Site "Belgrade"]
[Date "1989.??.??"]
[Round "1"]
[White "Blagojevic, Dragisa"]
[Black "Stevanovic, Vladan S"]
[Result "1/2-1/2"]
[WhiteElo "2400"]
[BlackElo "2305"]

1.d4 d5 2.c4 e6 3.Nf3 Nf6 4.Nc3 c6 5.e3 Be7 6.Bd3 O-O 7.O-O Nbd7 8.e4 dxe4
9.Nxe4 Nxe4 10.Bxe4 Nf6 11.Bc2 c5 12.b3 b6 13.Bb2 Bb7 14.Re1 cxd4 15.Nxd4 Qc7
16.Qd3 Rad8 17.Qh3 h6 18.Nb5 Qc8 19.Nxa7 Qa8 20.Nb5 Rd2 21.Rac1 Bc5 22.Rf1 Ne4
23.Bxe4 Rxb2 24.Bxb7 Qxb7 25.a3 Qe4 26.Qc3 Qe2 27.Nd4 Bxd4 28.Qxd4 Rxb3 29.c5  1/2-1/2

[Event "Belgrade op"]
[Site "Belgrade"]
[Date "1989.??.??"]
[Round "4"]
[White "Tesic, Dragan"]
[Black "Crepan, Marjan"]
[Result "0-1"]
[WhiteElo "2335"]
[BlackElo "2380"]

1.d4 d5 2.Nf3 Nf6 3.c4 c6 4.e3 e6 5.Nc3 Nbd7 6.Bd3 dxc4 7.Bxc4 b5 8.Bd3 a6
9.e4 c5 10.e5 Ng4 11.Bf4 cxd4 12.Ne4 f6 13.O-O fxe5 14.Bg3 Ngf6 15.Nxe5 Bb7
16.Re1 Bd5 17.Nxd7 Qxd7 18.Nxf6+ gxf6 19.Qh5+ Kd8 20.Qh4 Be7 21.Qxd4 e5 22.Qe3 Qe6
23.a4 b4 24.f4 Rc8 25.Qd2 Rc7 26.fxe5 Rd7 27.Qe2 Rg8 28.Be4 Rxg3 29.hxg3 Bc5+
30.Kh2 f5 31.Bxf5 Qxf5 32.Rac1 Bb6 33.Rcd1 Qg5  0-1

[Event "Lasker mem"]
[Site "Berlin"]
[Date "1989.??.??"]
[Round "2"]
[White "Mohr, Stefan"]
[Black "Mueller, Karsten"]
[Result "1-0"]
[WhiteElo "2485"]
[BlackElo "2365"]

1.d4 d5 2.c4 e6 3.Nc3 c6 4.e3 Nf6 5.Nf3 Nbd7 6.Qc2 Bd6 7.Be2 O-O 8.O-O e5
9.cxd5 cxd5 10.Nb5 Bb8 11.dxe5 Nxe5 12.Bd2 Bg4 13.Nbd4 Qd6 14.g3 Ne4 15.Nxe5 Bxe2
16.Nxe2 Qxe5 17.Rad1 Bc7 18.Nf4 Rfd8 19.Nd3 Qe7 20.Bb4 Qd7 21.f3 Nf6 22.Bc5 Rac8
23.Qb3 h5 24.Bd4 h4 25.Bxf6 gxf6 26.Kg2 Qf5 27.Nf2 hxg3 28.hxg3 Bb6 29.Rd3 Qe6
30.Qd1 f5 31.Re1 Kg7 32.Nh3 Rh8 33.Rh1 d4 34.exd4 Qxa2 35.Qd2 Qe6 36.Nf4 Qd6
37.Nh5+ Kf8 38.d5 Rg8 39.Nf4 Bc7 40.Kf2 Bb6+ 41.Kg2 Bc7 42.Ne2 f4 43.g4 f5
44.Rd4 fxg4 45.Rxf4+ Ke8 46.Re4+ Kd8 47.fxg4 Bb6 48.Rh7 Rc5 49.Nc3 Kc8 50.Rh6 Qd7
51.Qf4 Ba5 52.Rf6 Rd8 53.Rf7 Qd6 54.Qf5+ Kb8 55.Re6  1-0

[Event "Lasker mem"]
[Site "Berlin"]
[Date "1989.??.??"]
[Round "4"]
[White "Brunner, Lucas"]
[Black "Schlosser, Philipp"]
[Result "1-0"]
[WhiteElo "2505"]
[BlackElo "2475"]

1.c4 e6 2.Nc3 d5 3.d4 c6 4.e3 Nf6 5.Nf3 Nbd7 6.Qc2 Bd6 7.b3 O-O 8.Be2 dxc4
9.bxc4 e5 10.O-O Re8 11.Bb2 exd4 12.exd4 Nf8 13.Rfe1 Bg4 14.Ne5 Bxe2 15.Rxe2 c5
16.Nb5 cxd4 17.Bxd4 Bb8 18.Rd1 a6 19.Nc3 Ne6 20.Nf3 Nxd4 21.Rxd4 Qc8 22.Ne4 Nxe4
23.Rdxe4 Rf8 24.Rh4 h6 25.Ng5 f5 26.c5 Qd8 27.Nf3 Kh7 28.Rd4 Qc7 29.Rd5 Qf7
30.Red2 Bf4 31.R2d4 Rae8 32.g3 Bc7 33.Rd7 Re7 34.c6 bxc6 35.Qxc6 Bb8 36.Nh4 Rfe8
37.Rxe7 Rxe7 38.Qc8 Be5 39.Rd8 g6 40.Qxa6 Bg7 41.Rd6 g5 42.Ng2 Ra7 43.Qd3 Rxa2
44.Ne3 Ra1+ 45.Kg2 Qb7+ 46.Kh3 Qe4 47.Qxe4 fxe4 48.Nf5 Ra7 49.Kg4 Rf7 50.Re6 Bf8
51.Rxe4 Rf6 52.h4 gxh4 53.gxh4 Rg6+ 54.Kh5 Rf6 55.Re5 Rf7 56.Kg4 Rf6 57.h5 Kg8
58.Rb5 Rf7 59.Rb6 Kh7 60.f4 Bg7 61.Rg6 Bf8 62.Ng3 Ra7 63.Ne4 Bg7 64.f5 Ba1
65.f6 Ra4 66.Kf4 Rb4 67.Ke3 Rb3+ 68.Ke2 Rb8 69.Rg1 Be5 70.Rg7+ Kh8 71.Rg6 Kh7
72.Kf3 Ba1 73.Nd6 Rg8 74.f7 Rf8 75.Ke4 Bb2 76.Kd5 Ba3 77.Ne8 Rxf7 78.Nf6+ Rxf6
79.Rxf6 Bc1 80.Rf7+ Kg8 81.Ke6 Bg5 82.Ra7 Kf8 83.Kf5 Ke8 84.Kg6 Kd8 85.Kf7 Bc1
86.Ra5 Be3 87.Rd5+ Kc7 88.Kg6 Kc6 89.Rd8  1-0

[Event "Lasker mem"]
[Site "Berlin"]
[Date "1989.??.??"]
[Round "7"]
[White "Gruenberg, Hans Ulrich"]
[Black "Mueller, Karsten"]
[Result "1-0"]
[WhiteElo "2510"]
[BlackElo "2365"]

1.d4 d5 2.c4 e6 3.Nc3 c6 4.e3 Nf6 5.Nf3 Nbd7 6.Bd3 dxc4 7.Bxc4 b5 8.Be2 Bb7
9.O-O b4 10.Na4 Be7 11.a3 bxa3 12.b3 O-O 13.Bxa3 Bxa3 14.Rxa3 Qe7 15.Qc1 Ne4
16.Qb2 c5 17.Nxc5 Ndxc5 18.dxc5 Qxc5 19.b4 Qe7 20.Rfa1 Bd5 21.Qd4 Rfb8 22.b5 Nd6
23.Ra5 h6 24.h3 Rb7 25.Ne5 Qe8 26.Qb4 Qb8 27.Qf4 Qe8 28.Bh5 Rxb5 29.Rxb5 Qxb5
30.Bxf7+ Nxf7 31.Qxf7+ Kh7 32.Qg6+ Kg8 33.Ng4 Qb2 34.Rb1 Qc3 35.Nxh6+ Kh8
36.Nf7+ Kg8 37.Nh6+ Kh8 38.Nf7+ Kg8 39.Ng5 Qf6 40.Qh7+ Kf8 41.Qh4 Qg6 42.e4 Kg8
43.Qf4 Re8 44.Ra1 Qf6 45.Qxf6 gxf6 46.exd5 fxg5 47.dxe6 Rxe6 48.Rxa7 Re5
49.f3 Rb5 50.Kf2 Re5  1-0

[Event "Bern op"]
[Site "Bern"]
[Date "1989.??.??"]
[Round "?"]
[White "Chabanon, Jean Luc"]
[Black "Lukasiewicz, Grzegorz"]
[Result "0-1"]
[WhiteElo "2245"]
[BlackElo "2330"]

1.d4 d5 2.c4 c6 3.Nf3 Nf6 4.Nc3 e6 5.e3 Nbd7 6.Qc2 Bd6 7.Be2 O-O 8.O-O Re8
9.e4 dxe4 10.Nxe4 Nxe4 11.Qxe4 e5 12.Qc2 e4 13.Ng5 Nf6 14.f3 Bc7 15.Be3 exf3
16.Rxf3 Rxe3 17.Rxf6 Qxf6 18.Qxh7+ Kf8 19.Qh8+ Ke7 20.Nh7 Bf5 21.Qxa8 Bxh7
22.Qxb7 Qd6 23.Kf2 Re4 24.d5 cxd5 25.Qxa7 Qb6+ 26.Qxb6 Bxb6+ 27.Kf1 dxc4
28.Rc1 Rf4+ 29.Ke1 Ba5+ 30.Kd1 Rd4+  0-1

[Event "Brno zt (Women)"]
[Site "Brno"]
[Date "1989.??.??"]
[Round "5"]
[White "Genova, Ruzka"]
[Black "Forgo, Eva"]
[Result "1/2-1/2"]
[WhiteElo "2210"]
[BlackElo "2165"]

1.d4 d5 2.c4 c6 3.e3 Nf6 4.Nc3 e6 5.Nf3 Nbd7 6.Qc2 Bd6 7.Be2 O-O 8.O-O dxc4
9.Bxc4 e5 10.Bb3 Qe7 11.Bd2 e4 12.Ng5 Bxh2+ 13.Kxh2 Ng4+ 14.Kg1 Qxg5 15.Qxe4 Ndf6
16.Qf4 Qh4 17.Qg3 Qg5 18.f3 Nh5 19.Qe1 Ngf6 20.Ne4 Nxe4 21.fxe4 Bh3 22.Rf2 Nf6
23.Bc2 Be6 24.e5 Ng4 25.Rf3 Rad8 26.Rc1 Rfe8 27.a3 h6 28.Bb1 Rd7 29.Rd1 Red8
30.Bc2 h5 31.e4 Qe7 32.Bb4 Qg5 33.Bd2 Qe7 34.Bc3 Nh6 35.Rd2 Qg5 36.Rfd3 Bc4
37.Rg3 Ng4 38.b3 Be6 39.Rgd3 Qf4 40.g3 Qg5 41.Bb4 f6 42.exf6 Nxf6 43.Bc3 Ng4
44.Rf3 Rf7 45.Rxf7 Bxf7 46.Rd3 Be6 47.Rf3 Rf8 48.Rxf8+ Kxf8 49.Qd2 Qe3+ 50.Kg2 g5
51.Bb1 Bxb3 52.Qxe3 Nxe3+ 53.Kf3 Nc4 54.Bd3 Kf7 55.Bxc4+ Bxc4 56.Be1 Kf6
57.Bf2 a6 58.Be1 Bb3 59.Bf2 Bd1+ 60.Ke3 Bc2 61.Kf3 c5 62.dxc5 Ke5 63.Be3 Bxe4+
64.Kf2 Kf5 65.Bd2 Kg4 66.Ba5 Kh3 67.Bd8  1/2-1/2

[Event "Noviki-B"]
[Site "Budapest"]
[Date "1989.??.??"]
[Round "?"]
[White "Marinelli, Tullio"]
[Black "Casagrande, Harald"]
[Result "1/2-1/2"]
[WhiteElo "2260"]
[BlackElo "2365"]

1.d4 Nf6 2.c4 e6 3.Nc3 d5 4.Nf3 c6 5.e3 Nbd7 6.Bd3 Be7 7.O-O O-O 8.e4 dxe4
9.Nxe4 Nxe4 10.Bxe4 Nf6 11.Bc2 c5 12.dxc5 Qc7 13.Qe2 Qxc5 14.Bg5 Rd8 15.a3 b5
16.cxb5 Bb7 17.Ne5 Rd5 18.Bxf6 Bxf6 19.Bxh7+ Kh8 20.Nd3 Qc4 21.Be4 Re5 22.f3 Bxe4
23.fxe4 Rxe4 24.Qf3 Rd8 25.Rad1 Kg8 26.b3 Qd5 27.Nf2 Rd4 28.Qxd5 R8xd5 29.a4 Rf5
30.Rfe1 Rfd5 31.Kf1 Kf8 32.Rxd4 Rxd4 33.Ke2 Ke7 34.Rc1 Be5 35.h3 f5 36.Nd3 Bd6
37.Rc6 e5 38.Rc4 Rd5 39.Nb4 Bxb4 40.Rxb4 e4 41.b6 axb6 42.Rxb6 Rc5 43.Ke3 g5
44.Rb5 Rc3+ 45.Kd4 Rd3+ 46.Ke5 e3 47.Kxf5 Kd6 48.Rb4 Kd5 49.Re4 Rxb3 50.g4 Ra3
51.a5 e2 52.Rxe2 Rxh3 53.Ra2 Rh7 54.a6 Ra7 55.Kxg5 Ke6 56.Kg6 Ke7 57.g5 Kf8
58.Kh6 Kg8 59.g6 Kh8 60.g7+  1/2-1/2

[Event "Perenyi mem"]
[Site "Budapest"]
[Date "1989.??.??"]
[Round "?"]
[White "Horvath, Jozsef"]
[Black "Kaidanov, Grigory S"]
[Result "1/2-1/2"]
[WhiteElo "2510"]
[BlackElo "2535"]

1.d4 d5 2.Nf3 Nf6 3.c4 e6 4.Nc3 c6 5.e3 Nbd7 6.Qc2 Bd6 7.Be2 O-O 8.O-O Re8
9.Bd2 b6 10.e4 Nxe4 11.Nxe4 dxe4 12.Qxe4 Bb7 13.Rad1 Qc7 14.Bc3 Rad8 15.Rfe1 c5
16.Qh4 Be7 17.Qg3 Qxg3 18.hxg3 Bf6 19.Rd2 cxd4 20.Bxd4 Bxf3  1/2-1/2

[Event "Perenyi mem-B"]
[Site "Budapest"]
[Date "1989.??.??"]
[Round "?"]
[White "Kiss, Attila"]
[Black "Feher, Gyula"]
[Result "1/2-1/2"]
[WhiteElo "2360"]
[BlackElo "2410"]

1.d4 d5 2.Nf3 Nf6 3.c4 c6 4.Nc3 e6 5.e3 Nbd7 6.Bd3 dxc4 7.Bxc4 b5 8.Bd3 a6
9.e4 c5 10.e5 cxd4 11.Nxb5 axb5 12.exf6 Qb6 13.fxg7 Bxg7 14.O-O Bb7 15.Re1 O-O
16.Bf4 Bd5 17.Ne5 Nxe5 18.Bxe5 Bxe5 19.Bxh7+ Kxh7 20.Qh5+ Kg7 21.Qg5+ Kh7
22.Qh5+ Kg7  1/2-1/2

[Event "Spring op"]
[Site "Budapest"]
[Date "1989.??.??"]
[Round "?"]
[White "Timoshchenko, Gennadi A"]
[Black "Feher, Gyula"]
[Result "1-0"]
[WhiteElo "2460"]
[BlackElo "2410"]

1.d4 d5 2.c4 e6 3.Nc3 c6 4.e3 Nf6 5.Nf3 Nbd7 6.Bd3 dxc4 7.Bxc4 b5 8.Bd3 a6
9.e4 c5 10.e5 cxd4 11.Nxb5 axb5 12.exf6 Qb6 13.fxg7 Bxg7 14.Qe2 O-O 15.O-O Ba6
16.Bf4 b4 17.Rae1 e5 18.Bxa6 Qxa6 19.Qxa6 Rxa6 20.Nxe5 Nxe5 21.Bxe5 Bxe5
22.Rxe5 Rc8 23.h3 Rc2 24.Rd1 Rxb2 25.Rxd4 Raxa2 26.Re8+ Kg7 27.Rg4+ Kh6 28.Reg8 Ra5
29.Rh4+ Rh5 30.Rf4 Rg5 31.Rh4+ Rh5 32.Rf4 Rg5 33.Rb8 f5 34.g3 b3 35.h4 Rg6
36.Rxf5 Rc6 37.Kg2 Kg6 38.Rf3 Rcc2 39.Rg8+  1-0

[Event "Elekes mem"]
[Site "Budapest"]
[Date "1989.??.??"]
[Round "?"]
[White "Timoshchenko, Gennadi A"]
[Black "Vasiukov, Evgeni"]
[Result "1/2-1/2"]
[WhiteElo "2460"]
[BlackElo "2510"]

1.d4 d5 2.c4 c6 3.Nf3 Nf6 4.Nc3 e6 5.e3 Nbd7 6.Bd3 dxc4 7.Bxc4 b5 8.Bd3 Bb7
9.e4 b4 10.Na4 c5 11.e5 Nd5 12.dxc5 Bxc5 13.Nxc5 Nxc5 14.Bb5+ Kf8 15.Qd4 Qb6
16.Be2 Nd7 17.Qd3 h6 18.O-O a5 19.Re1 Kg8 20.Bd2 Ba6 21.Qe4 Nc5 22.Qc2 Rc8
23.Bxa6 Qxa6 24.Rec1 Rc7 25.Qc4 Qxc4 26.Rxc4 Nd3 27.Rxc7 Nxc7 28.a3 Nd5 29.axb4 axb4
30.Ra8+ Kh7 31.Rxh8+ Kxh8 32.b3 Kh7 33.Kf1 g5 34.g3 Nc3 35.Bxc3 bxc3 36.Nd4 Kg7
37.Ke2 Nxe5 38.f3 Kf6 39.b4 Ke7 40.f4 gxf4 41.gxf4 Ng6 42.Ke3 Kd6 43.Nb5+ Kd5
44.Nxc3+ Kc4 45.Ne4 Kxb4 46.Nd6 f5 47.Nf7 Kc5 48.Nxh6 Kd6 49.Nf7+ Ke7 50.Ng5 Kf6
51.Nf3  1/2-1/2

[Event "Buenos Aires BCA op"]
[Site "Buenos Aires"]
[Date "1989.??.??"]
[Round "4"]
[White "Tempone, Marcelo"]
[Black "Dotta, Juan Carlos"]
[Result "1-0"]
[WhiteElo "2440"]
[BlackElo "2330"]

1.d4 Nf6 2.Nf3 e6 3.c4 d5 4.Nc3 c6 5.e3 Nbd7 6.Qc2 Bb4 7.Bd3 dxc4 8.Bxc4 Nb6
9.Bd3 Bd7 10.O-O Rc8 11.a3 Be7 12.e4 h6 13.b4 O-O 14.Qe2 Ne8 15.Ne5 Nf6 16.Be3 Ra8
17.Rab1 Bc8 18.Rfd1 Bd6 19.Bc2 Qe7 20.h3 Kh8 21.Nf3 e5 22.dxe5 Bxe5 23.Bc5 Qe8
24.Bxf8 Bxc3 25.Bd6 a5 26.Rb3 axb4 27.axb4 Ba1 28.Qe1 Ra2 29.Bb1 Ra8 30.e5 Be6
31.Bc2 Ra2 32.Rxa1 Rxc2 33.exf6 Qd7 34.fxg7+ Kg8 35.Rd3  1-0

[Event "Canada zt"]
[Site "Canada"]
[Date "1989.??.??"]
[Round "?"]
[White "Taylor, Gordon"]
[Black "O'Donnell, Tom"]
[Result "1/2-1/2"]
[WhiteElo "2345"]
[BlackElo "2395"]

1.d4 d5 2.c4 e6 3.Nc3 c6 4.Nf3 Nf6 5.e3 Nbd7 6.Bd3 dxc4 7.Bxc4 b5 8.Bd3 Bb7
9.e4 b4 10.Na4 c5 11.e5 Nd5 12.Nxc5 Nxc5 13.dxc5 Bxc5 14.O-O h6 15.Nd2 Nc3
16.Qc2 Qd5 17.Nf3 Rd8 18.Ne1 Bd4 19.Bd2 Nb5 20.Bxb4 Bxe5 21.Bc4 Nd4 22.Bxd5 Nxc2
23.Bxb7 Nxb4 24.a3 Nd3 25.Nxd3 Rxd3 26.Rad1 Rxd1 27.Rxd1 Bxb2 28.Bc6+ Ke7
29.Rd7+ Kf6 30.Rxa7 Rd8 31.Kf1 Rd2 32.Ra4 g5 33.h4 Rd3 34.hxg5+ hxg5 35.Ke2 Rc3
36.Be4 Rxa3 37.Rxa3 Bxa3 38.g4 Ke5 39.f3 Kf4 40.Kf2 Bc5+ 41.Kg2  1/2-1/2